[Event "Wch Seniors 65 28th"]
[Site "Bled"]
[Date "2018.11.23"]
[Round "6"]
[White "Berkovich, Mark A"]
[Black "Balashov, Yuri S"]
[Result "0-1"]
[WhiteElo "2339"]
[BlackElo "2445"]
[PlyCount "116"]
[EventDate "2018.11.18"]
[EventType "swiss"]
[EventRounds "11"]
[EventCountry "SLO"]
[SourceTitle "CBM 187 Extra"]
[Source "ChessBase"]
[SourceDate "2018.11.04"]
[SourceVersion "1"]
[SourceVersionDate "2018.11.04"]
[SourceQuality "1"]

1. c4 e5 2. Nc3 Nc6 3. Nf3 Nf6 4. e3 Bb4 5. Qc2 Bxc3 6. bxc3 e4 7. Ng5 Qe7 8.
f3 exf3 9. Nxf3 O-O 10. Be2 d6 11. O-O Re8 12. d3 d5 13. d4 Bg4 14. Bd2 dxc4
15. Bxc4 Ne4 16. Rae1 Bh5 17. d5 Na5 18. Bd3 b6 19. Nd4 Bg6 20. c4 Nb7 21. Nf5
Qe5 22. Nh4 Nbc5 23. Nxg6 hxg6 24. Bc1 Nxd3 25. Qxd3 c6 26. dxc6 Qc7 27. Bb2
Rad8 28. Bd4 Qxc6 29. Rc1 Rd7 30. Qc2 Qe6 31. Qb2 Rc8 32. Rc2 f6 33. Qb3 Rdc7
34. Rfc1 Kf7 35. h3 g5 36. Qd3 Nc5 37. Qh7 Qe4 38. Qh5+ Kg8 39. Qe2 Nd3 40. Rd1
Nb4 41. Rcc1 Qe6 42. a3 Na6 43. Bb2 Nc5 44. Rd5 Nb7 45. Qd3 Re8 46. Bd4 Qe4 47.
Qxe4 Rxe4 48. Kf2 Re6 49. Kf3 Rec6 50. Rh1 Nd6 51. h4 gxh4 52. Rxh4 Nxc4 53.
Kg4 Re7 54. Rh3 Nxa3 55. Rd8+ Kf7 56. Kf5 Nc4 57. Rhh8 Nd6+ 58. Kf4 Ke6 0-1

[Event "Wch Seniors 65 28th"]
[Site "Bled"]
[Date "2018.11.27"]
[Round "9"]
[White "Birnboim, Nathan"]
[Black "Balashov, Yuri S"]
[Result "0-1"]
[WhiteElo "2376"]
[BlackElo "2445"]
[PlyCount "46"]
[EventDate "2018.11.18"]
[EventType "swiss"]
[EventRounds "11"]
[EventCountry "SLO"]
[SourceTitle "CBM 187 Extra"]
[Source "ChessBase"]
[SourceDate "2018.11.04"]
[SourceVersion "1"]
[SourceVersionDate "2018.11.04"]
[SourceQuality "1"]

1. e4 e5 2. Nf3 Nc6 3. d4 exd4 4. Nxd4 Bc5 5. Nb3 Bb6 6. Nc3 Nf6 7. Bg5 d6 8.
Qf3 Ne5 9. Qe2 h6 10. Bxf6 Qxf6 11. Nd5 Qd8 12. f4 Bg4 13. Qb5+ c6 14. Qa4 Qh4+
15. g3 Nf3+ 16. Kd1 Nxh2+ 17. Kc1 Qxg3 18. Bd3 O-O 19. Nxb6 axb6 20. Qd4 Qxf4+
21. Kb1 c5 22. Qg1 Nf3 23. Qg2 d5 0-1

[Event "Wch Seniors 65 28th"]
[Site "Bled"]
[Date "2018.11.29"]
[Round "11"]
[White "Balashov, Yuri S"]
[Black "Tunik, Gennady"]
[Result "1-0"]
[WhiteElo "2445"]
[BlackElo "2365"]
[Annotator "Mikhalchishin,A"]
[PlyCount "74"]
[EventDate "2018.11.18"]
[EventType "swiss"]
[EventRounds "11"]
[EventCountry "SLO"]
[SourceTitle "CBM 187 Extra"]
[Source "ChessBase"]
[SourceDate "2018.11.04"]
[SourceVersion "1"]
[SourceVersionDate "2018.11.04"]
[SourceQuality "1"]

1. e4 c5 2. Nf3 e6 3. Nc3 Nc6 4. d4 cxd4 5. Nxd4 a6 6. Be3 Qc7 7. Qf3 Nf6 (7...
Bb4 8. Nde2) 8. O-O-O d6 9. Be2 Rb8 (9... Be7 10. Qg3 O-O 11. f4 Kh8 12. Rhf1
Bd7 13. e5 dxe5 14. fxe5 Qxe5 15. Bf4 Qc5 16. Nb3 Qa7 17. Be3 b6 (17... Qb8 18.
Rxf6) 18. Qf2 Rab8 19. g4 Be8 20. g5 Nd7 21. h4 f5 22. Kb1 f4 23. Bc1 e5 24. h5
Nc5 25. h6 Bg6 26. hxg7+ Kxg7 27. Bf3 Nb4 28. Na1 Bxg5 29. Rg1 h6 30. a3 a5 31.
Qe1 Rfe8 32. Nb5 Qe7 33. axb4 axb4 34. Qxb4 e4 35. Be2 Ra8 36. Rd6 Qe5 37. Bd2
Ra4 38. Qc3 Qxc3 39. Nxc3 e3 40. Nxa4 exd2 41. Nc3 {1/2 (41) Vallejo Pons,F 
(2694)-Spraggett,K (2577) Catalunya 2013}) (9... Nxd4 10. Rxd4 b5 11. Kb1 Bb7
12. Rhd1 Rc8 13. Bg5 Be7 14. Qe3 O-O 15. Bxf6 Bxf6 16. Rxd6 Be5 17. Rd7 Qb8 18.
Bg4 Bc6 19. R7d3 Bf4 20. Qd4 Be5 21. Qe3 Bf4 22. Qd4 b4 23. Ne2 Bb5 24. Nxf4
Qxf4 25. e5 Rc4 26. Qxf4 Rxf4 27. Rd4 Rxf2 28. R4d2 Rxd2 29. Rxd2 Rc8 30. b3
Kf8 31. a3 a5 32. axb4 axb4 33. Rd4 Bf1 34. Bxe6 Rc7 35. Bh3 g5 36. Rd1 Ba6 37.
Bf5 Rc5 38. Re1 h5 39. g3 Bb7 40. Bd3 Ke7 41. Bf5 g4 42. Kc1 Bf3 43. Kd2 Rd5+
44. Bd3 Ke6 45. c3 Ra5 46. cxb4 Ra2+ 47. Bc2 Bc6 48. Kc3 Bb5 49. Re4 Ra1 50.
Rf4 Rh1 51. Rf6+ Ke7 52. Rf2 Bc6 53. Bd3 Rc1+ 54. Kd4 Rd1 55. Ke3 Re1+ 56. Re2
Rf1 57. Rc2 Rf3+ 58. Kd4 Bd7 59. b5 {1-0 (59) Oparin,G (2575)-Timofeev,A (2598)
Sochi 2016}) (9... b5 10. e5 Bb7 11. Ndxb5 axb5 12. exf6 Nd4 13. Qh5 Nxe2+ 14.
Qxe2 gxf6 15. Qxb5+ Bc6 16. Qh5 d5 17. Qh4 Be7 18. f4) 10. g4 (10. Qg3 Nxd4 11.
Bxd4 e5 12. Ba7 Ra8 13. Be3 b5 14. f4 Bb7 15. fxe5 Nxe4 16. Nxe4 Bxe4 17. Bd3
Bxd3 18. Rxd3 dxe5 19. Rhd1 f6 20. Qh3 Qc8 21. Rd8+ Qxd8 22. Rxd8+ Kxd8 23. Qe6
{1-0 (42) Nepomniachtchi,I (2767)-Adhiban,B (2666) Doha 2016}) 10... Ne5 (10...
Nxd4 11. Bxd4 b5 12. g5 Nd7 13. a3 Qb7 14. b4 Qc7 15. Qh3 Ne5 16. f4 Nc6 17.
Bf2) 11. Qg3 b5 12. g5 Nfd7 (12... b4 13. Ncb5 axb5 14. gxf6 gxf6 15. Bxb5+ Bd7
16. Bxd7+ Qxd7 17. b3) 13. f4 b4 (13... Nc4 14. Bf2 Nc5 15. Rhe1 Bd7 16. Nb3
Na4 17. Nxa4 bxa4 18. Qc3 $1 Rc8 19. Nc5) 14. Na4 (14. Nd5 exd5 15. fxe5 Nxe5
16. exd5 Be7 17. Kb1 O-O 18. h4) 14... Nc4 15. Bxc4 Qxc4 16. b3 Qc7 17. Rhe1 (
17. Rhf1 Nc5 18. Nxc5 dxc5 19. Ne2 Bb7 20. f5 Qxg3 21. Nxg3) 17... Nc5 (17...
Be7 18. f5 Ne5 19. Bf4 Bd7 20. Nb2 O-O 21. f6) 18. Nxc5 dxc5 19. Nf3 Be7 20. f5
({Very tempting was continuation of attack} 20. Ne5 Rb5 21. h4 O-O 22. h5)
20... Qxg3 21. hxg3 f6 (21... Bb7 22. Ne5 Rc8 23. Nc4 Bxe4 24. f6 gxf6 25. gxf6
Bf8 26. Bf4) (21... exf5 22. exf5 Bxf5 23. Bxc5 Be6 24. Bxe7 Kxe7 25. Nd4 Rhc8
26. Nxe6 fxe6 27. Re5) 22. gxf6 gxf6 23. Bf4 Rb6 (23... e5 24. Nxe5 fxe5 25.
Bxe5) 24. Nd2 exf5 25. Nc4 Re6 26. exf5 Rxe1 27. Rxe1 Kf7 28. Bd6 Bf8 29. g4 h5
30. Bxf8 Kxf8 31. Nb6 Bb7 32. Nd7+ Kf7 33. Nxc5 Bf3 34. gxh5 a5 35. Rf1 Bxh5
36. Rh1 Rc8 37. Ne4 Rc7 (37... Bf3 38. Nd6+ Kg7 39. Rg1+) 1-0

[Event "Tula Starodubtsev Memorial 5th"]
[Site "Tula"]
[Date "2019.01.19"]
[Round "8"]
[White "Balashov, Yuri S"]
[Black "Zagrebelny, Sergey"]
[Result "1-0"]
[WhiteElo "2470"]
[BlackElo "2485"]
[PlyCount "41"]
[EventDate "2019.01.18"]
[EventType "tourn (rapid)"]
[EventRounds "9"]
[EventCountry "RUS"]
[EventCategory "12"]
[SourceTitle "CBM 188 Extra"]
[Source "ChessBase"]
[SourceDate "2019.02.26"]
[SourceVersion "1"]
[SourceVersionDate "2019.02.26"]
[SourceQuality "1"]

1. Nf3 Nf6 2. c4 e6 3. Nc3 b6 4. e4 Bb7 5. Bd3 d6 6. O-O Be7 7. Bc2 c5 8. d4
cxd4 9. Nxd4 O-O 10. b3 Nbd7 11. Bb2 a6 12. Qe2 Rc8 13. Rad1 Re8 14. f4 Qc7 15.
f5 exf5 16. Nxf5 Bf8 17. Qf2 g6 18. Ne3 Bg7 19. Ncd5 Qc5 20. b4 Qxe3 21. Nxe3
1-0

[Event "EU-ch Seniors 65 19th"]
[Site "Rhodes"]
[Date "2019.04.09"]
[Round "4"]
[White "Balashov, Yuri S"]
[Black "Bogdanov, Valentin"]
[Result "1-0"]
[WhiteElo "2470"]
[BlackElo "2357"]
[PlyCount "45"]
[EventDate "2019.04.06"]
[EventType "swiss"]
[EventRounds "9"]
[EventCountry "GRE"]
[SourceTitle "CBM 189 Extra"]
[Source "ChessBase"]
[SourceDate "2019.06.03"]
[SourceVersion "1"]
[SourceVersionDate "2019.06.03"]
[SourceQuality "1"]

1. c4 Nf6 2. Nc3 e6 3. d4 d5 4. Bg5 Be7 5. e3 c6 6. Nf3 Nbd7 7. Bd3 dxc4 8.
Bxc4 Nd5 9. Bxe7 Qxe7 10. Rc1 Nxc3 11. Rxc3 e5 12. d5 Nb6 13. dxc6 bxc6 14. Be2
O-O 15. a3 e4 16. Nd2 Qg5 17. g3 f5 18. Rxc6 Bd7 19. Rd6 Rad8 20. Nc4 Ba4 21.
Qd4 Qe7 22. Nxb6 Rxd6 23. Qc4+ 1-0

[Event "EU-ch Seniors 65 19th"]
[Site "Rhodes"]
[Date "2019.04.12"]
[Round "7"]
[White "Chevelevitch, Evgueni"]
[Black "Balashov, Yuri S"]
[Result "0-1"]
[WhiteElo "2416"]
[BlackElo "2470"]
[PlyCount "68"]
[EventDate "2019.04.06"]
[EventType "swiss"]
[EventRounds "9"]
[EventCountry "GRE"]
[SourceTitle "CBM 189 Extra"]
[Source "ChessBase"]
[SourceDate "2019.06.03"]
[SourceVersion "1"]
[SourceVersionDate "2019.06.03"]
[SourceQuality "1"]

1. e4 c5 2. Nf3 d6 3. d4 cxd4 4. Nxd4 Nf6 5. Nc3 a6 6. Be2 e5 7. Nb3 Be7 8. O-O
O-O 9. Re1 b5 10. a4 b4 11. Nd5 Bb7 12. Bc4 Nbd7 13. a5 Nxd5 14. Bxd5 Bxd5 15.
Qxd5 Qc7 16. Be3 Rac8 17. Rec1 Nf6 18. Qd3 Qb7 19. Bg5 d5 20. exd5 Nxd5 21.
Bxe7 Nxe7 22. Rd1 Ng6 23. Rd2 Nf4 24. Qf1 Rc6 25. f3 Rfc8 26. Rad1 h6 27. Qf2
Qe7 28. Kh1 Qg5 29. Re1 Rc4 30. Re4 Rxe4 31. fxe4 Qg6 32. Qf3 Rc4 33. g3 Rxe4
34. Qf1 Qc6 0-1

[Event "EU-ch Seniors 65 19th"]
[Site "Rhodes"]
[Date "2019.04.13"]
[Round "8"]
[White "Balashov, Yuri S"]
[Black "Kalegin, Evgenij"]
[Result "1-0"]
[WhiteElo "2470"]
[BlackElo "2424"]
[PlyCount "65"]
[EventDate "2019.04.06"]
[EventType "swiss"]
[EventRounds "9"]
[EventCountry "GRE"]
[SourceTitle "CBM 189 Extra"]
[Source "ChessBase"]
[SourceDate "2019.06.03"]
[SourceVersion "1"]
[SourceVersionDate "2019.06.03"]
[SourceQuality "1"]

1. d4 Nf6 2. Nf3 g6 3. c4 Bg7 4. Nc3 O-O 5. e4 d6 6. Be2 e5 7. O-O c6 8. d5 c5
9. Bg5 h6 10. Bd2 Ne8 11. g3 Bh3 12. Re1 f5 13. Nh4 Rf6 14. exf5 g5 15. Ng2
Bxf5 16. h4 gxh4 17. Nxh4 Bh7 18. Bg4 Nd7 19. Be6+ Kh8 20. Qh5 Nf8 21. Bf5 Bxf5
22. Nxf5 Qd7 23. g4 Qf7 24. Qxf7 Rxf7 25. Ne4 Rd8 26. Kg2 Ng6 27. Rh1 Kg8 28.
Bxh6 Nf4+ 29. Kf3 Ng6 30. Kg3 Bf6 31. Bg5 Bxg5 32. Nxg5 Rf6 33. Nh7 1-0

[Event "WchT Seniors 65"]
[Site "Rhodes"]
[Date "2019.04.23"]
[Round "8.1"]
[White "Seret, Jean Luc"]
[Black "Balashov, Yuri S"]
[Result "0-1"]
[WhiteElo "2332"]
[BlackElo "2470"]
[PlyCount "61"]
[EventDate "2019.04.16"]
[EventType "team-swiss"]
[EventRounds "9"]
[EventCountry "GRE"]
[SourceTitle "CBM 190 Extra"]
[Source "ChessBase"]
[SourceDate "2019.07.15"]
[SourceVersion "1"]
[SourceVersionDate "2019.07.15"]
[SourceQuality "1"]
[WhiteTeam "France"]
[BlackTeam "Russia 65+"]
[WhiteTeamCountry "FRA"]
[BlackTeamCountry "RUS"]

1. b3 d5 2. Bb2 Nf6 3. e3 g6 4. c4 dxc4 5. Bxc4 Bg7 6. Nf3 O-O 7. O-O c5 8. d4
cxd4 9. Nxd4 a6 10. Nc3 b5 11. Be2 Ra7 12. b4 Rd7 13. Qb3 Bb7 14. a4 bxa4 15.
Nxa4 Ne4 16. Rfd1 Bd5 17. Qa3 a5 18. b5 Be5 19. Rac1 Bd6 20. Qd3 e6 21. Nf3 Bb7
22. Qc4 Qe7 23. Nb6 Rc7 24. Qd4 f6 25. Na4 Rxc1 26. Rxc1 Nd7 27. Bd3 Nec5 28.
Nxc5 Nxc5 29. Bc2 Bxf3 30. gxf3 Be5 31. Ra1 0-1

[Event "Maribor-RUS Friendly"]
[Site "Maribor"]
[Date "2019.06.21"]
[Round "1.2"]
[White "Mikhalchishin, Adrian"]
[Black "Balashov, Yuri S"]
[Result "0-1"]
[WhiteElo "2465"]
[BlackElo "2474"]
[PlyCount "46"]
[EventDate "2019.06.21"]
[EventType "schev (rapid)"]
[EventRounds "6"]
[EventCountry "SLO"]
[SourceTitle "CBM 191 Extra"]
[Source "ChessBase"]
[SourceDate "2019.09.30"]
[SourceVersion "1"]
[SourceVersionDate "2019.09.30"]
[SourceQuality "1"]
[WhiteTeam "Maribor"]
[BlackTeam "Russia"]
[WhiteTeamCountry "SLO"]
[BlackTeamCountry "RUS"]

1. d4 Nf6 2. c4 e6 3. Nf3 b6 4. g3 Ba6 5. b3 Bb7 6. Bg2 Bb4+ 7. Bd2 a5 8. O-O
O-O 9. Bg5 a4 10. bxa4 h6 11. Bxf6 Qxf6 12. Qb3 c5 13. Nc3 Bxc3 14. Qxc3 cxd4
15. Nxd4 Bxg2 16. Kxg2 Nc6 17. Rfd1 Rxa4 18. Rab1 Ne5 19. Nf3 Nxc4 20. Qb3 Rfa8
21. Rxd7 e5 22. Qd3 e4 23. Qxe4 Nd2 0-1

[Event "Maribor-RUS Friendly"]
[Site "Maribor"]
[Date "2019.06.21"]
[Round "2.2"]
[White "Balashov, Yuri S"]
[Black "Mohr, Georg"]
[Result "1-0"]
[WhiteElo "2474"]
[BlackElo "2445"]
[PlyCount "51"]
[EventDate "2019.06.21"]
[EventType "schev (rapid)"]
[EventRounds "6"]
[EventCountry "SLO"]
[SourceTitle "CBM 191 Extra"]
[Source "ChessBase"]
[SourceDate "2019.09.30"]
[SourceVersion "1"]
[SourceVersionDate "2019.09.30"]
[SourceQuality "1"]
[WhiteTeam "Russia"]
[BlackTeam "Maribor"]
[WhiteTeamCountry "RUS"]
[BlackTeamCountry "SLO"]

1. e4 e6 2. Qe2 c5 3. b3 Nc6 4. Bb2 d6 5. Nf3 Nf6 6. g3 Be7 7. Bg2 O-O 8. O-O
e5 9. c3 a5 10. a4 Be6 11. Na3 Qb6 12. Nb5 Bxb3 13. c4 Nb4 14. Ne1 d5 15. exd5
e4 16. Ra3 Bc2 17. Nxc2 Nxc2 18. Rb3 Rfe8 19. d6 Bxd6 20. Bxf6 gxf6 21. Qg4+
Kf8 22. Bxe4 Nb4 23. Bxh7 Be5 24. Re3 Re6 25. Qg8+ Ke7 26. Qxa8 1-0

[Event "Wch Seniors 65 29th"]
[Site "Bucharest"]
[Date "2019.11.18"]
[Round "6"]
[White "Birnboim, Nathan"]
[Black "Balashov, Yuri S"]
[Result "0-1"]
[WhiteElo "2397"]
[BlackElo "2457"]
[PlyCount "110"]
[EventDate "2019.11.12"]
[EventType "swiss"]
[EventRounds "11"]
[EventCountry "ROU"]
[SourceTitle "CBM 193 Extra"]
[Source "ChessBase"]
[SourceDate "2020.01.31"]
[SourceVersion "1"]
[SourceVersionDate "2020.01.31"]
[SourceQuality "1"]

1. e4 e5 2. Nf3 Nc6 3. d4 exd4 4. Nxd4 Qf6 5. Be3 Bc5 6. c3 Nge7 7. Nc2 Bxe3 8.
Nxe3 Qe5 9. Qf3 f5 10. exf5 d5 11. Qg3 Bxf5 12. Bb5 Qxg3 13. hxg3 O-O 14. Nxf5
Nxf5 15. O-O Rae8 16. Nd2 Rf6 17. Nb3 a6 18. Bxc6 Rxc6 19. Rad1 Re5 20. g4 Ne7
21. Rfe1 Rxe1+ 22. Rxe1 Kf7 23. f3 b6 24. Kf2 Re6 25. Rxe6 Kxe6 26. a4 Kd6 27.
Ke3 c5 28. f4 g6 29. g5 Nf5+ 30. Kf3 Kc6 31. g4 Nd6 32. Nd2 b5 33. axb5+ Kxb5
34. Ke3 a5 35. Kd3 a4 36. c4+ Kc6 37. Kc3 dxc4 38. Nxc4 Ne4+ 39. Kc2 Kd5 40.
Nb6+ Kd4 41. Nxa4 Nf2 42. Kd2 Nh3 43. f5 Nxg5 44. fxg6 hxg6 45. Nc3 Nf3+ 46.
Ke2 Ne5 47. g5 Nf7 48. Kd2 Nxg5 49. Ne2+ Ke4 50. Nc3+ Kf3 51. Nd5 Ne4+ 52. Ke1
g5 53. b4 g4 54. bxc5 g3 55. Kf1 Ng5 0-1

[Event "Wch Seniors 65 29th"]
[Site "Bucharest"]
[Date "2019.11.21"]
[Round "9"]
[White "Balashov, Yuri S"]
[Black "Fernandez Garcia, Jose Luis"]
[Result "1-0"]
[WhiteElo "2457"]
[BlackElo "2404"]
[PlyCount "77"]
[EventDate "2019.11.12"]
[EventType "swiss"]
[EventRounds "11"]
[EventCountry "ROU"]
[SourceTitle "CBM 193 Extra"]
[Source "ChessBase"]
[SourceDate "2020.01.31"]
[SourceVersion "1"]
[SourceVersionDate "2020.01.31"]
[SourceQuality "1"]

1. e4 e5 2. Nf3 Nc6 3. Bb5 a6 4. Ba4 Nf6 5. O-O Nxe4 6. d4 b5 7. Bb3 d5 8. dxe5
Be6 9. c3 Be7 10. Be3 O-O 11. Re1 Qd7 12. Nbd2 Nxd2 13. Qxd2 Na5 14. Bc2 Nc4
15. Qd3 g6 16. Bc1 Bf5 17. Qe2 Bxc2 18. Qxc2 Rfe8 19. b3 Na3 20. Qd3 Bf8 21.
Bg5 c6 22. Rad1 Qc7 23. h4 Qc8 24. h5 a5 25. hxg6 fxg6 26. Nd4 Bg7 27. f4 b4
28. f5 Qa6 29. f6 Qxd3 30. Rxd3 h6 31. Bd2 c5 32. Nf3 Bh8 33. cxb4 Nc2 34. Rc1
c4 35. Rxd5 cxb3 36. axb3 Nxb4 37. Rd7 Rec8 38. Rxc8+ Rxc8 39. Bxh6 1-0

[Event "Cheliabinsk Panchenko Memorial op-A"]
[Site "Cheliabinsk"]
[Date "2020.09.10"]
[Round "4"]
[White "Shaposhnikov, Evgeny"]
[Black "Balashov, Yuri S"]
[Result "0-1"]
[WhiteElo "2547"]
[BlackElo "2462"]
[PlyCount "112"]
[EventDate "2020.09.07"]
[EventType "swiss"]
[EventRounds "9"]
[EventCountry "RUS"]
[SourceTitle "EXT 2021"]
[Source "ChessBase"]
[SourceDate "2020.10.23"]
[SourceVersion "1"]
[SourceVersionDate "2020.10.23"]
[SourceQuality "1"]

1. Nf3 c5 2. e4 d6 3. d4 cxd4 4. Nxd4 Nf6 5. Nc3 a6 6. g3 e5 7. Nb3 Be6 8. Bg2
Nbd7 9. a4 Be7 10. O-O O-O 11. Re1 Rc8 12. Nd2 Nb6 13. a5 Nbd7 14. Nf1 Rc5 15.
Na4 Rc6 16. Qd2 b5 17. axb6 Nxb6 18. Ne3 Nc4 19. Nxc4 Bxc4 20. b3 Be6 21. Ba3
Qc7 22. c4 Rb8 23. Rab1 Nd7 24. Nc3 Qa5 25. Bc1 Rcb6 26. Nd5 Qxd2 27. Bxd2 Bxd5
28. cxd5 Nc5 29. Be3 Rxb3 30. Ra1 Nd3 31. Red1 Nb4 32. Rdc1 Bd8 33. Bf1 a5 34.
Rc4 h6 35. h4 Kh7 36. h5 g6 37. hxg6+ Kxg6 38. Bh3 Rb2 39. Ra4 Kg7 40. Bf1 Nc2
41. Bc1 R2b4 42. Raxb4 Nxb4 43. Kg2 Bb6 44. Bb2 f6 45. Rc1 Bc5 46. Ba3 Rf8 47.
Bc4 f5 48. exf5 Rxf5 49. f3 Rf7 50. Rb1 Nd3 51. Bxd3 Bxa3 52. Ra1 Bb4 53. Bb5
Rb7 54. Ba6 Rb6 55. Bf1 Bc3 56. Ra4 Rb7 0-1